| 000 | 00582nam a2200217Ia 4500 | ||
|---|---|---|---|
| 008 | 200601s9999 xx 000 0 und d | ||
| 020 | _a0-06-057577-8 | ||
| 050 | _aREF PF 3640 | ||
| 050 | _b.G47 2004 | ||
| 245 | 0 | _aGerman dictionary : | |
| 245 | 0 | _bplus grammar / | |
| 260 | _aGreat Britain : | ||
| 260 | _bHarper Resource, | ||
| 260 | _c2004 | ||
| 300 | _a255 pages : | ||
| 300 | _billustrations ; | ||
| 300 | _c20 cm. | ||
| 500 | _aIncludes index. | ||
| 650 | _aGerman language -- Dictionaries -- English. | ||
| 650 | _xEnglish language -- Dictionaries -- French. | ||
| 999 |
_c363403 _d363403 |
||